| 000 | 00600nam a2200217 a 4500 | ||
|---|---|---|---|
| 005 | 20140310183520.0 | ||
| 008 | 110725s19uu xx 00 eng d | ||
| 020 | _a9789810695835 | ||
| 050 |
_aHD 58.7 _b.R538b 2011 |
||
| 100 | _aRobbins, Stephen P. | ||
| 245 |
_aOrganizational behavior / _cStephen P. Robbins. |
||
| 250 | _a14th ed. | ||
| 260 |
_aSingapore : _bPearson, _c2011. |
||
| 300 |
_a720 p. : _bill. ; _c26 cm. |
||
| 521 | _aBSBA | ||
| 650 |
_aOrganizational behavior - _xTextbooks. |
||
| 700 | _aJudge, Timothy A. | ||
| 942 |
_cBK _2lcc _kFOR |
||
| 999 |
_c24394 _d24394 |
||